Guerra de Cataluña / (Record no. 126465)

MARC details
000 -LEADER
campo de control de longitud fija 02073nam a2200385 a 4500
001 - NÚMERO DE CONTROL
campo de control 2815754
003 - IDENTIFICADOR DE NÚMERO DE CONTROL
campo de control BJBSDDR
005 - FECHA Y HORA DE LA ÚLTIMA TRANSACCIÓN
campo de control 20260331062939.0
007 - CAMPO FIJO DE DESCRIPCIÓN FÍSICA--INFORMACIÓN GENERAL
campo de control de longitud fija ta
008 - DATOS DE LONGITUD FIJA--INFORMACIÓN GENERAL
campo de control de longitud fija 830207s1969 sp h b 000 0 spa
010 ## - NÚMERO DE CONTROL DE LA BIBLIOTECA DEL CONGRESO
Número de control de LC 82197487
035 ## - NÚMERO DE CONTROL DEL SISTEMA
Número de control de sistema 2815754
040 ## - FUENTE DE CATALOGACIÓN
Centro catalogador/agencia de origen DLC
Centro/agencia transcriptor DLC
Centro/agencia modificador DLC
Lengua de catalogación spa
041 ## - CÓDIGO DE IDIOMA
Código de lengua del texto/banda sonora o título independiente spa
043 ## - CÓDIGO DE ÁREA GEOGRÁFICA
Código de área geográfica e-sp---
050 00 - SIGNATURA TOPOGRÁFICA DE LA BIBLIOTECA DEL CONGRESO
Número de clasificación DP302.C66
Número de ítem M527g 1969
082 00 - NÚMERO DE LA CLASIFICACIÓN DECIMAL DEWEY
Número de clasificación 946/.7
Número de edición 19
100 1# - ENTRADA PRINCIPAL--NOMBRE DE PERSONA
Nombre de persona Mello, Francisco Manuel de,
Fechas asociadas al nombre 1608-1666
9 (RLIN) 47214
245 10 - MENCIÓN DEL TÍTULO
Título Guerra de Cataluña /
Mención de responsabilidad, etc. Francisco Manuel de Melo ; edición, introducción y notas de Joan Estruch.
250 ## - MENCION DE EDICION
Mención de edición 1a ed.
260 ## - PUBLICACIÓN, DISTRIBUCIÓN, ETC.
Lugar de publicación, distribución, etc. Barcelona :
Nombre del editor, distribuidor, etc. Fontamara,
Fecha de publicación, distribución, etc. 1969.
300 ## - DESCRIPCIÓN FÍSICA
Extensión 244 páginas :
Dimensiones 19 cm.
336 ## - TIPO DE CONTENIDO
Término de tipo de contenido text
Código de tipo de contenido txt
Fuente rdacontent
337 ## - TIPO DE MEDIO
Nombre/término del tipo de medio unmediated
Código del tipo de medio n
Fuente rdamedia
338 ## - TIPO DE SOPORTE
Nombre/término del tipo de soporte volume
Código del tipo de soporte nc
Fuente rdacarrier
504 ## - NOTA DE BIBLIOGRAFÍA, ETC.
Nota de bibliografía, etc. Bibliography: p. 27-28.
520 ## - RESUMEN, ETC.
Sumario, etc. El libro se centra principalmente en: El origen del conflicto: Describe el ambiente de tensión en Cataluña debido a los abusos cometidos por las tropas reales (alojamientos militares) y las políticas del Conde-Duque de Olivares. El "Corpus de Sangre": Relata detalladamente la rebelión popular del 7 de junio de 1640 en Barcelona, que culminó con el asesinato del virrey, el conde de Santa Coloma. Primer año de guerra (1640-1641): La narración cubre el desarrollo de las campañas militares iniciales y los movimientos políticos que llevaron a Cataluña a separarse temporalmente de la Monarquía Hispánica para buscar la protección de Francia. Perspectiva del autor: Al ser Francisco Manuel de Melo un militar que participó en el bando real antes de la independencia de Portugal, el texto ofrece un testimonio directo y analítico sobre la política militar de la época.
650 #0 - PUNTO DE ACCESO ADICIONAL DE MATERIA--TÉRMINO DE MATERIA
Término de materia o nombre geográfico como elemento de entrada Colección Celestino del Arenal (CCA)
9 (RLIN) 15749
651 #0 - PUNTO DE ACCESO ADICIONAL DE MATERIA--NOMBRE GEOGRÁFICO
Nombre geográfico Catalonia (Spain)
Subdivisión general History.
651 #0 - PUNTO DE ACCESO ADICIONAL DE MATERIA--NOMBRE GEOGRÁFICO
Nombre geográfico Spain
Subdivisión general History
Subdivisión cronológica Philip IV, 1621-1665.
906 ## - ELEMENTOS DE DATOS F LOCAL, LDF (RLIN)
a 7
b cbc
c orignew
d 2
e ncip
f 19
g y-gencatlg
942 ## - ELEMENTOS DE ENTRADA SECUNDARIOS (KOHA)
Fuente del sistema de clasificación o colocación Clasificación de Library of Congress
Suprimir en OPAC No
Tipo de ítem Koha Libro
946 ## - PROCESAMIENTO DE INFORMACIÓN LOCAL (OCLC)
Iniciales del agente catalogador rmza
Holdings
Estatus retirado Estado de pérdida Fuente del sistema de clasificación o colocación Estado de daño No para préstamo Colección Biblioteca de origen Biblioteca actual Ubicación en estantería Fecha de adquisición Signatura topográfica completa Código de barras Visto por última vez Copia número Tipo de ítem Koha
    Clasificación de Library of Congress     Automatización y Procesos Técnicos Biblioteca Juan Bosch Biblioteca Juan Bosch Automatización y Procesos Técnicos (1er. Piso) 26/02/2026 DP302.C66 M527g 1969 00000183786 26/02/2026 1 Libro